000 00285nam a22001337a 4500
008 171124b xxu||||| |||| 00| 0 eng d
020 _a9780521423700
041 _aeng
080 _a94
100 _a16
101 _aHIS
245 _aUNTYING THE KNOT
_cPHILLIPS,R
942 _2udc
_cBK
999 _c38492
_d38492